000 00413nam a2200157Ia 4500
005 20250613035539.0
008 240331s9999 xx 000 0 und d
020 _a9559102451
082 _bSEL
_a306
100 _aCat Eye
245 0 _aSellama saha lellama
260 _aColombo
_bCat's Eye publications
_c2001
300 _a44 p .,
500 _aA feminist investigation into cricket and susanthika
942 _cL
999 _c2117
_d2117